Moravčíková starosť o deti

Bibliographic Details
Main Author: Šrank, Jaroslav, 1975- (Author)
Format: Article
Language:Slovak
ISSN:1335-7263
Subjects:

MARC

LEADER 00000nab a2200000 a 4500
001 vtls009284085
003 SK-MaSNL
005 20260303054139.0
008 140429c2007 xo |r|p|||||||000 b|slo
015 |a SNBRB2008/04  |2 snkbucl 
038 |a SNKBUCL 
040 |a SNKBUCL  |b slo  |c SNKBUCL  |e AACR2 
041 0 |a slo 
044 |a xo  |c SK 
080 |a 82.09:821.162.3-93  |2 2001 
080 |a 821.162.3-93.09  |2 2001 
080 |a 821.162.3-1(0.053.2).09  |2 2001 
080 |a 811.162.4`373:821.162.3-1(0.053.2).09  |2 2001 
100 1 |a Šrank, Jaroslav,  |d 1975-  |4 aut  |9 19496 
245 1 0 |a Moravčíková starosť o deti  |c Jaroslav Šrank 
600 1 7 |a Moravčík, Štefan,  |d 1943-  |2 snkbucl  |9 98697 
600 1 7 |a Moravčík, Štefan,  |d 1943-  |t Videl to svet?  |2 snkbucl  |9 1047683 
773 0 |t Bibiana  |g Roč. XIV, č. 4 (2007), s. 45-46  |x 1335-7263 
852 |a SNK  |b KIS3GCP 
958 |a LX 
958 |a SK 
999 |c 1722138  |d 1724068